Football : équipe de France Euro 1996 - Statistiques

Statistiques générales
  • Ce quiz a été pris 85 fois
  • Le résultat moyen est 13 sur 22
Statistiques - réponses
Club Poste Joueur % Correct
As Monaco Gardien Barthez
96%
Bordeaux Milieu offensif Zidane
96%
As Monaco Latéral droit Thuram
94%
PSG Gardien Lama
92%
Juventus Milieu Deschamps
91%
Auxerre Défenseur central Blanc
90%
Bordeaux Latéral gauche Lizarazu
86%
PSG Milieu offensif Djorkaeff
81%
Bordeaux Ailier Dugarry
77%
Sampdoria Milieu Karembeu
67%
Strasbourg Défenseur central Leboeuf
66%
As Monaco Latéral gauche Di Meco
48%
PSG Attaquant de pointe Loko
48%
Ac Milan Défenseur central Dessaily
46%
PSG Milieu Guérin
39%
Nantes Milieu gauche Pedros
35%
PSG Défenseur central Roche
35%
Torino Latéral droit Angloma
34%
Montpellier Gardien Martini
34%
Auxerre Milieu Lamouchi
29%
Auxerre Milieu offensif Martins
29%
As Monaco Attaquant de pointe Madar
18%
Aucun quiz correspondant
Distribution des résultats
% des personnes avec chaque résultat
Percentile par nombre de réponses
Votre historique - résultats
Vous n’avez pas pris ce quiz